Stranger Things Episodes - Statistics

General Stats
  • This quiz has been taken 127 times
  • The average score is 18 of 25
Answer Stats
Answer % Correct
The Vanishing of Will Byers
95%
MADMAX
87%
The Upside Down
85%
Trick or Treat, Freak
83%
The Weirdo on Maple Street
82%
The Bathtub
80%
The Battle of Starcourt
80%
The Gate
78%
Holly, Jolly
74%
The Body
74%
The Flea and the Acrobat
73%
The Mall Rats
72%
Suzie, Do You Copy?
71%
The Lost Sister
71%
The Mind Flayer
71%
The Monster
70%
Dig Dug
68%
The Pollywog
64%
The Bite
63%
The Case of the Missing Lifeguard
63%
The Sauna Test
61%
The Spy
61%
Will the Wise
61%
The Flayed
59%
E Pluribus Unum
50%
No matching quizzes found
Score Distribution
Percent of People with Each Score
Percentile by Number Answered
Your Score History
You have not taken this quiz